La espiritualidad de Algazel y su sentido cristiano / (Record no. 27234)

MARC details
000 -LEADER
campo de control de longitud fija 00801nam a2200205 i 4500
001 - NÚMERO DE CONTROL
campo de control 27234
003 - IDENTIFICADOR DE NÚMERO DE CONTROL
campo de control ES-MaACL
005 - FECHA Y HORA DE LA ÚLTIMA TRANSACCIÓN
campo de control 20230906153601.0
007 - CAMPO FIJO DE DESCRIPCIÓN FÍSICA--INFORMACIÓN GENERAL
campo de control de longitud fija t|
008 - DATOS DE LONGITUD FIJA--INFORMACIÓN GENERAL
campo de control de longitud fija 030114m19341936sp ||||1| spa d
100 1# - ENTRADA PRINCIPAL--NOMBRE DE PERSONA
Nombre de persona Asín Palacios, Miguel.
9 (RLIN) 23614
245 13 - MENCIÓN DEL TÍTULO
Título La espiritualidad de Algazel y su sentido cristiano /
Mención de responsabilidad, etc. Miguel Asín Palacios.
260 ## - PUBLICACIÓN, DISTRIBUCIÓN, ETC.
Lugar de publicación, distribución, etc. Madrid, etc. ;
-- Granada :
Nombre del editor, distribuidor, etc. [s.n.],
Fecha de publicación, distribución, etc. 1934-1936 (
Fabricante Imp. de Estanislao Maestre)
300 ## - DESCRIPCIÓN FÍSICA
Extensión 3 v. ;
Dimensiones 23 cm.
490 1# - MENCIÓN DE SERIE
Mención de serie Publicaciones de las Escuelas de Estudios Arabes de Madrid y Granada . Serie A ;
Designación de volumen o secuencia 2
600 14 - PUNTO DE ACCESO ADICIONAL DE MATERIA--NOMBRE DE PERSONA
Nombre de persona Al-Gazali, Muhammad b. Muhammad Abu Hamid.
9 (RLIN) 19047
830 0# - PUNTO DE ACCESO ADICIONAL DE SERIE-TÍTULO UNIFORME
Título uniforme Publicaciones de las Escuelas de Estudios Arabes de Madrid y Granada . Serie A ;
Designación de volumen o secuencia 2
9 (RLIN) 229206
852 ## - LOCALIZACIÓN
Ubicación ES-MaACL
Número de control de estantería P-1006
Holdings
Estatus retirado Estado de pérdida Estado de daño No para préstamo Biblioteca de origen Biblioteca actual Ubicación en estantería Fecha de adquisición Fuente de adquisición Total de préstamos Signatura topográfica completa Código de barras Visto por última vez Precio de reemplazo Tipo de ítem Koha
        Biblioteca del Ateneo de Madrid Biblioteca del Ateneo de Madrid Depósito 2 17/01/2008     P-1006 1028110 23/02/2023 23/02/2023 Libro impreso